Xdinary Heroes song - Statistics

General Stats
  • This quiz has been taken 102 times
    76 since last reset
  • The average score is 39 of 49
Answer Stats
Answer % Correct
Happy death day
100%
Strawberry Cake
98%
Hair Cut
96%
Hair Cut (Inst.)
96%
Test Me
96%
Test Me(Inst.)
96%
Sucker Punch!
94%
Freakin’Bad
92%
KNOCK DOWN
92%
Good Enough
90%
PLUTO
90%
Wego wego
90%
Wego wego (Inst.)
90%
Zzz…
90%
Dear H.
85%
Money On My Mind
85%
Pirates
85%
Ghost
83%
Man in the Box
83%
Freddy
81%
Little Things
81%
Night before the end
81%
X-MAS
81%
Break the Brake
79%
iNSTEAD!
79%
LOVE and FEAR
79%
MONEYBALL
79%
Bicycle
77%
Checkmate
77%
Come into my head
77%
LUNATIC
77%
Boy comics
75%
Dreaming girl
75%
Night of Fireworks
75%
AGAIN? AGAIN!
73%
Bad Chemical
73%
Crack in the mirror
73%
No Matter
73%
Save me
73%
Walking to the Moon
73%
XYMPHONY
73%
FEELING NICE
69%
UNDEFINED
69%
Enemy
67%
Paint It
67%
Paranoid
67%
Until the end of time
65%
Addiction
54%
XH_WORLD_75
52%
No matching quizzes found
Score Distribution
Percent of People with Each Score
Percentile by Number Answered
Your Score History
You have not taken this quiz since the last reset